000 00376nam a2200145Ia 4500
003 GCL
040 _aGCL /
_cGCL
082 0 4 _a745
_bM V
100 1 _aMUSEUM FUR VOLKSKUNDE BASEL
245 1 0 _aVOLKSKUNDLICHE SAMMLUNGEN /
_cMUSEUM FUR VOLKSKUNDE BASEL
260 _a[S.N] :
_bVERLAGSBUCHHANDLUNG A. G. ،
_c1953
300 _a30 P
650 0 4 _aFOLK - ART
942 _2ddc
_cBK
999 _c12090
_d12090